Challenges of Implementation of Community Policing in Zambia

Detalles Bibliográficos
Autor principal: Xavier Musonda, Francis
Formato: eBook
Lenguaje:inglés
Publicado: Lusaka: Lambert Academic Publishing, 2019
Materias:
Acceso en línea:Acceso restringido

MARC

LEADER 00000nam a22000007a 4500
005 20190919132116.0
007 cr|||| ||||
008 190919s2019 zm |||||s|||| 00||0 eng d
020 |a 9786139457564 
035 |a 29724 
040 |a vLex 
090 |c 9584  |d 9584 
100 1 |a Xavier Musonda, Francis 
245 1 0 |a Challenges of Implementation of Community Policing in Zambia  |h [Recurso electrn̤ico] /  |c Francis Xavier Musonda 
256 |a Servicio en ln̕ea 
260 |a Lusaka:  |b Lambert Academic Publishing,  |c 2019 
300 |a 1 recurso electrn̤ico 
500 |a The book is a study of the investigation of the challenges encountered by the police and community in the effective implementation of community policing in Zambia. The study areas comprise of two police districts which reflect both urban and rural characteristics of Zambia and therefore portray a fair representation of community policing practices throughout the country. The introduction of community policing in 1995 was aimed at replacing the reactive or 'fire brigade' type of policing which was military-oriented and hence failed to curb the rising crime or improve police-community relations, with one (community policing) which is pro-active and aims at crime reduction and improvement of police-community relations. 
506 1 |a Disponible solo en los productos indicados  |d vLex Global  |d vLex Global (Academic Edition, excluding Law Schools)  |d vLex Global (U.S. Academic Edition, Law Schools)  |d vLex Global (U.S. Academic Edition, excluding Law Schools)  |d vLex Global (Academic Edition, Law Schools) 
650 0 4 |a Derecho Pb︢lico y Administrativo  |z Zambia 
740 0 |a vLex Libros (Servicio en ln̕ea) 
856 4 0 |u http://vlex.com/source/29724  |z Acceso restringido 
942 |c BOOK 
999 0 |a Public and Administrative Law